[Event "vl_2526 MVP"]
[Site "MVP"]
[Date "2025.11.09"]
[Round "1.5"]
[White "Schwahn, Christian"]
[Black "Waschk, Armin"]
[Result "1/2-1/2"]
[WhiteElo "1963"]
[BlackElo "2088"]
[WhiteFideId "-1"]
[WhiteFideId "-1"]
[PlyCount "60"]
[GameId "2242332415627409"]
[EventDate "2025.??.??"]
[EventType "team-tourn"]
[EventRounds "9"]
[EventCountry "GER"]
[WhiteTeam "Greifswalder SV"]
[BlackTeam "SG Guestrow/Teterow"]
[WhiteTeamCountry "GER"]
[BlackTeamCountry "GER"]

1. d4 Nf6 2. c4 e6 3. g3 d5 4. Bg2 Be7 5. Nf3 O-O 6. O-O b6 7. Ne5 Bb7 8. Qc2 c6 9. Rd1 Nbd7 10. Nd2 Rc8 11. Ndf3 h6 12. Be3 Qc7 13. Rac1 Qb8 14. Nxd7 Nxd7 15. cxd5 cxd5 16. Qa4 Nf6 17. Bf4 Qa8 18. Ne5 Nh5 19. Bd2 Rfd8 20. Rxc8 Rxc8 21. Qd7 Re8 22. Rc1 Nf6 23. Qa4 Rc8 24. Rxc8+ Bxc8 25. Bb4 Bxb4 26. Qxb4 Qb7 27. Qd6 Ne8 28. Qd8 Kf8 29. f4 Qc7 30. Qxc7 Nxc7 1/2-1/2

[Event "vl_2526 MVP"]
[Site "MVP"]
[Date "2025.11.09"]
[Round "1.6"]
[White "Kiel, Bernd"]
[Black "Sowada, Christoph"]
[Result "1/2-1/2"]
[WhiteElo "2008"]
[BlackElo "1952"]
[WhiteFideId "-1"]
[WhiteFideId "-1"]
[PlyCount "30"]
[GameId "2242332415631506"]
[EventDate "2025.??.??"]
[EventType "team-tourn"]
[EventRounds "9"]
[EventCountry "GER"]
[WhiteTeam "SG Guestrow/Teterow"]
[BlackTeam "Greifswalder SV"]
[WhiteTeamCountry "GER"]
[BlackTeamCountry "GER"]

1. e4 e5 2. Nf3 Nc6 3. d4 exd4 4. Nxd4 Nf6 5. Nxc6 bxc6 6. Qd4 Be7 7. Nc3 d5 8. Bd3 c5 9. Qe5 c6 10. exd5 cxd5 11. Bb5+ Bd7 12. Bxd7+ Qxd7 13. O-O d4 14. Ne4 Nxe4 15. Qxe4 O-O 1/2-1/2

[Event "vl_2526 MVP"]
[Site "MVP"]
[Date "2025.11.09"]
[Round "1.7"]
[White "Weimann, Olaf"]
[Black "Dettmann, Holger"]
[Result "1/2-1/2"]
[WhiteElo "1732"]
[BlackElo "1990"]
[WhiteFideId "-1"]
[WhiteFideId "-1"]
[PlyCount "58"]
[GameId "2242332415635603"]
[EventDate "2025.??.??"]
[EventType "team-tourn"]
[EventRounds "9"]
[EventCountry "GER"]
[WhiteTeam "Greifswalder SV"]
[BlackTeam "SG Guestrow/Teterow"]
[WhiteTeamCountry "GER"]
[BlackTeamCountry "GER"]

1. d4 Nf6 2. Bf4 b6 3. e3 Bb7 4. h3 g6 5. Nf3 Bg7 6. Be2 O-O 7. O-O c5 8. c3 d5 9. Nbd2 Nfd7 10. Qc2 Nc6 11. Bb5 Rc8 12. Qa4 a6 13. Be2 e5 14. dxe5 Ndxe5 15. Nxe5 Nxe5 16. Nf3 Qe7 17. Nxe5 Bxe5 18. Bxe5 Qxe5 19. Bf3 Rfd8 20. Rad1 Rd6 21. Rd2 Rcd8 22. Rfd1 Bc8 23. Rxd5 Rxd5 24. Rxd5 Rxd5 25. Bxd5 Qxd5 26. Qe8+ Kg7 27. Qxc8 Qd1+ 28. Kh2 Qd2 29. Qc7 Qxb2 1/2-1/2

[Event "vl_2526 MVP"]
[Site "MVP"]
[Date "2025.11.09"]
[Round "1.8"]
[White "Gebert-Vangeel, Ralf"]
[Black "Kriese, Ralf"]
[Result "1-0"]
[WhiteElo "1958"]
[BlackElo "1812"]
[WhiteFideId "-1"]
[WhiteFideId "-1"]
[PlyCount "111"]
[GameId "2242332415639700"]
[EventDate "2025.??.??"]
[EventType "team-tourn"]
[EventRounds "9"]
[EventCountry "GER"]
[WhiteTeam "SG Guestrow/Teterow"]
[BlackTeam "Greifswalder SV"]
[WhiteTeamCountry "GER"]
[BlackTeamCountry "GER"]

1. e4 e6 2. d4 d5 3. Nc3 dxe4 4. Nxe4 Nd7 5. Nf3 Ngf6 6. Bd3 Nxe4 7. Bxe4 Nf6 8. Bd3 Be7 9. O-O O-O 10. c3 b6 11. Bf4 Bb7 12. Re1 c5 13. dxc5 Bxc5 14. b4 Be7 15. Be5 Nd7 16. Bg3 Bf6 17. Rc1 Rc8 18. c4 Nb8 19. Ne5 Nc6 20. Nxc6 Bxc6 21. Qc2 g6 22. Rcd1 Qe7 23. c5 Rfd8 24. Bd6 Qb7 25. Bf1 Bd5 26. Qa4 bxc5 27. Bxc5 Ra8 28. Ba6 Qc6 29. Bb5 Qb7 30. Bf1 Bg7 31. Rc1 a6 32. Qa5 Rdc8 33. h3 Bf6 {=} 34. Red1 Bd8 35. Qa3 Bc6 36. Qe3 Bf6 37. Qh6 Bg7 38. Qg5 a5 39. a3 axb4 40. axb4 Bd5 41. Bc4 Bxc4 42. Rxc4 Ra1 43. Rxa1 Bxa1 44. Rc1 Bg7 45. Rd1 f6 46. Qe3 Kf7 47. Rd6 Re8 48. Qd3 Kg8 49. Rd7 Qc6 50. Be3 Bf8 51. b5 Qc8 52. b6 Be7 53. Qb5 Kf7 54. b7 Qb8 55. Qa4 Rd8 56. Bc5 1-0

[Event "vl_2526 MVP"]
[Site "MVP"]
[Date "2025.11.09"]
[Round "1.1"]
[White "Lehmann, Ruben"]
[Black "Priladyshev, Alexander"]
[Result "1-0"]
[WhiteElo "1987"]
[BlackElo "2068"]
[WhiteFideId "-1"]
[WhiteFideId "-1"]
[PlyCount "105"]
[GameId "2242332415643797"]
[EventDate "2025.??.??"]
[EventType "team-tourn"]
[EventRounds "9"]
[EventCountry "GER"]
[WhiteTeam "HSG Stralsund"]
[BlackTeam "SG Eintracht Neubrandenburg"]
[WhiteTeamCountry "GER"]
[BlackTeamCountry "GER"]

1. d4 f5 2. g3 Nf6 3. Bg2 g6 4. c4 Bg7 5. Nf3 O-O 6. O-O d6 7. Nc3 Nc6 8. d5 Ne5 9. Nxe5 dxe5 10. Qb3 e4 11. Be3 a5 12. Rad1 Bd7 13. Qxb7 Rb8 14. Qa7 Rxb2 15. Qxa5 Ng4 16. Bd4 Qb8 17. Bxg7 Kxg7 18. Rb1 c6 19. Qa3 Rxb1 20. Rxb1 Qe5 21. Rb7 Qd4 22. e3 Qd2 23. Qb2 Qxb2 24. Rxb2 cxd5 25. Nxd5 Be6 26. Bf1 Ne5 27. a4 Rd8 28. Rb5 Nf3+ 29. Kg2 Ne1+ 30. Kh1 Bf7 31. a5 e6 32. Nc3 Rd2 33. Rb1 Nd3 34. Bxd3 Rxd3 35. Nb5 e5 36. c5 f4 37. gxf4 exf4 38. exf4 Bd5 39. Kg1 e3 40. fxe3 Rxe3 41. a6 Re2 42. Rd1 Rg2+ 43. Kf1 Be4 44. Re1 Bd5 45. Nc7 Bc6 46. Ne6+ Kf6 47. Nd4 Ba8 48. c6 Ra2 49. c7 Bg2+ 50. Kg1 Bh3 51. f5 Bxf5 52. Nxf5 Rc2 53. a7 1-0

[Event "vl_2526 MVP"]
[Site "MVP"]
[Date "2025.11.09"]
[Round "1.2"]
[White "Schulz, Daniel"]
[Black "Hubert, Peter"]
[Result "1-0"]
[WhiteElo "1922"]
[BlackElo "2114"]
[WhiteFideId "-1"]
[WhiteFideId "-1"]
[PlyCount "55"]
[GameId "2242332415647894"]
[EventDate "2025.??.??"]
[EventType "team-tourn"]
[EventRounds "9"]
[EventCountry "GER"]
[WhiteTeam "SG Eintracht Neubrandenburg"]
[BlackTeam "HSG Stralsund"]
[WhiteTeamCountry "GER"]
[BlackTeamCountry "GER"]

{[%evp 0,90,20,6,16,12,11,15,10,9,-4,-3,4,-22,-26,-24,-22,-25,7,9,1,-5,8,-19,-25,-24,2,-17,-4,-47,-66,-107,-18,-69,-117,-153,-62,-154,41,-119,-152,-149,-79,114,-73,-134,31,-152,-54,-145,-27,-40,-48,76,16,222,19,10,1,9,23,11,45,10,21,36,24,0,40,1,-46,-1,43,-60,-146,-111,-131,-54,-162,-193,-143,-100,-127,-117,-76,-1,-66,1,-44,1,-1,-141,-121]} 1. e4 c6 2. d4 d5 3. exd5 cxd5 4. Bd3 Nf6 5. c3 Nc6 6. Bf4 e6 7. Nf3 Bd6 8. Bxd6 Qxd6 9. Qe2 O-O 10. O-O Bd7 11. Nbd2 Qf4 12. h3 g6 13. Rfe1 Rac8 14. Rad1 Nh5 15. Bb1 Qc7 16. Qe3 Qf4 17. Qe2 Qc7 18. Ne5 Nxe5 19. dxe5 f5 20. exf6 Rxf6 21. Nf3 Rcf8 22. Qe5 Qb6 23. Rd2 Rxf3 24. gxf3 Rxf3 25. Re3 Rf8 26. Kh2 a5 27. c4 Nf4 28. Rf3 1-0

[Event "vl_2526 MVP"]
[Site "MVP"]
[Date "2025.11.09"]
[Round "1.3"]
[White "Mehl, Ronald"]
[Black "Schroeder, Hannes Artur"]
[Result "1/2-1/2"]
[WhiteElo "2099"]
[BlackElo "1826"]
[WhiteFideId "-1"]
[WhiteFideId "-1"]
[PlyCount "76"]
[GameId "2242332415651991"]
[EventDate "2025.??.??"]
[EventType "team-tourn"]
[EventRounds "9"]
[EventCountry "GER"]
[WhiteTeam "HSG Stralsund"]
[BlackTeam "SG Eintracht Neubrandenburg"]
[WhiteTeamCountry "GER"]
[BlackTeamCountry "GER"]

1. Nf3 d5 2. g3 Nf6 3. Bg2 e6 4. O-O Be7 5. b3 c5 6. Bb2 Nc6 7. d3 O-O 8. Nbd2 Qc7 9. e4 d4 10. Qe2 e5 11. h3 Bd7 12. Rfc1 b5 13. c3 Qb6 14. c4 b4 15. a4 Bd6 16. Nh2 Qc7 17. Kh1 h6 18. Rg1 Qc8 19. g4 g5 20. Qf3 Kg7 21. Nhf1 Na5 22. Qd1 Rh8 23. Ng3 Qc7 24. Bc1 Rag8 25. Rb1 Kf8 26. Qf3 Qd8 27. Nh5 Rg6 28. Ng3 Bc7 29. Bf1 Qc8 30. Nf5 Bb8 31. h4 Ne8 32. h5 Rf6 33. Be2 Ng7 34. Qg3 Qb7 35. Qg2 Ne6 36. Bd1 Bc6 37. Nf1 Qd7 38. N1g3 Nb7 1/2-1/2

[Event "vl_2526 MVP"]
[Site "MVP"]
[Date "2025.11.09"]
[Round "1.4"]
[White "Rossmann, Andreas"]
[Black "Wagner, Frank"]
[Result "1/2-1/2"]
[WhiteElo "2073"]
[BlackElo "1987"]
[WhiteFideId "-1"]
[WhiteFideId "-1"]
[PlyCount "37"]
[GameId "2242332415651992"]
[EventDate "2025.??.??"]
[EventType "team-tourn"]
[EventRounds "9"]
[EventCountry "GER"]
[WhiteTeam "SG Eintracht Neubrandenburg"]
[BlackTeam "HSG Stralsund"]
[WhiteTeamCountry "GER"]
[BlackTeamCountry "GER"]

1. Nf3 d5 2. d4 Nf6 3. c4 e6 4. Nc3 c6 5. Bg5 Be7 6. e3 O-O 7. Bd3 dxc4 8. Bxc4 Nd5 9. Bxe7 Qxe7 10. O-O Nd7 11. e4 Nxc3 12. bxc3 e5 13. Re1 Kh8 14. Bd3 Rd8 15. Qd2 h6 16. Rad1 c5 17. d5 Nf8 18. Qe3 Bg4 19. h3 1/2-1/2

[Event "vl_2526 MVP"]
[Site "MVP"]
[Date "2025.11.09"]
[Round "1.5"]
[White "Nour, Alaa"]
[Black "Kunow, Frank"]
[Result "1/2-1/2"]
[WhiteElo "1922"]
[BlackElo "1957"]
[WhiteFideId "-1"]
[WhiteFideId "-1"]
[PlyCount "90"]
[GameId "2242332415656089"]
[EventDate "2025.??.??"]
[EventType "team-tourn"]
[EventRounds "9"]
[EventCountry "GER"]
[WhiteTeam "HSG Stralsund"]
[BlackTeam "SG Eintracht Neubrandenburg"]
[WhiteTeamCountry "GER"]
[BlackTeamCountry "GER"]

1. d4 Nf6 2. c4 e6 3. Nc3 Bb4 4. Bg5 c5 5. dxc5 h6 6. Bd2 O-O 7. e3 Bxc5 8. Nf3 b6 9. Bd3 Bb7 10. Rc1 d5 11. O-O dxc4 12. Bxc4 Nc6 13. a3 Be7 14. b4 Qb8 15. Ba2 Ne5 16. Nxe5 Qxe5 17. f3 Rfd8 18. Qe2 a5 19. Rb1 axb4 20. axb4 Qd6 21. Rb2 Nd5 22. Nb5 Qd7 23. e4 Ba6 24. Bc4 Nf6 25. Na3 Bxc4 26. Nxc4 b5 27. Nb6 Qa7 28. Be3 Rab8 29. Nd5 Qd7 30. Nxe7+ Qxe7 31. Bc5 Qd7 32. Ra1 Qd3 33. Qf2 Rd7 34. Rba2 Rbd8 35. h3 Qc4 36. Ra8 Qc3 37. Qe2 Kh7 38. R8a3 Qe5 39. Ra5 Rd2 40. Qf1 Nh5 41. Bf2 Qb2 42. Rb1 Qc2 43. Rc1 Qb2 (43... Rxf2 44. Rxc2 Rxc2 45. Rxb5 (45. Ra1 Nf4 46. Kh1 Rdd2 47. Rc1 Ne2 48. Rxc2 Ng3+ 49. Kg1 Nxf1) 45... Ng3 46. Qe1 Rc1 47. Qxc1 Ne2+) 44. Rb1 Qc2 45. Rc1 Qb2 1/2-1/2

[Event "vl_2526 MVP"]
[Site "MVP"]
[Date "2025.11.09"]
[Round "1.6"]
[White "Baier, Karsten"]
[Black "Kohn, Andreas"]
[Result "1/2-1/2"]
[WhiteElo "1990"]
[BlackElo "1975"]
[WhiteFideId "-1"]
[WhiteFideId "-1"]
[PlyCount "75"]
[GameId "2242332415660186"]
[EventDate "2025.??.??"]
[EventType "team-tourn"]
[EventRounds "9"]
[EventCountry "GER"]
[WhiteTeam "SG Eintracht Neubrandenburg"]
[BlackTeam "HSG Stralsund"]
[WhiteTeamCountry "GER"]
[BlackTeamCountry "GER"]

1. d4 Nf6 2. Nf3 d5 3. g3 e6 4. Bg2 c5 5. e3 Nc6 6. c3 Bd7 7. O-O Qb6 8. Nbd2 Rc8 9. a4 c4 10. Re1 Be7 11. e4 O-O 12. exd5 exd5 13. Ne5 Be6 14. Nxc6 Qxc6 15. Nf3 Bd6 16. Ne5 Bxe5 17. Rxe5 Rfe8 18. Qc2 Bd7 19. Bf4 Rxe5 20. dxe5 Ne4 21. Be3 b6 22. a5 Nc5 23. Bxc5 bxc5 24. Rd1 Be6 25. Qd2 Rd8 26. Qc2 Qc7 27. f4 g6 28. g4 d4 29. f5 d3 30. Qf2 Bd5 31. Bxd5 Rxd5 32. e6 fxe6 33. fxe6 Qe7 34. Rf1 Re5 35. Qf4 Rxe6 36. Qxc4 d2 37. Rd1 Kg7 38. Rxd2 1/2-1/2

[Event "vl_2526 MVP"]
[Site "MVP"]
[Date "2025.11.09"]
[Round "1.7"]
[White "Paulowitz, Bernd-Rainer"]
[Black "Hassweh, Mwaffaq"]
[Result "1/2-1/2"]
[WhiteElo "1942"]
[BlackElo "1932"]
[WhiteFideId "-1"]
[WhiteFideId "-1"]
[PlyCount "64"]
[GameId "2242332415664283"]
[EventDate "2025.??.??"]
[EventType "team-tourn"]
[EventRounds "9"]
[EventCountry "GER"]
[WhiteTeam "HSG Stralsund"]
[BlackTeam "SG Eintracht Neubrandenburg"]
[WhiteTeamCountry "GER"]
[BlackTeamCountry "GER"]

1. d4 Nf6 2. Nf3 g6 3. c4 Bg7 4. Nc3 d5 5. e3 O-O 6. Bd3 Nc6 7. O-O Bg4 8. h3 Bxf3 9. Qxf3 dxc4 10. Bxc4 e5 11. dxe5 Nxe5 12. Qe2 Nxc4 13. Qxc4 c6 14. e4 Re8 15. Bg5 Qa5 16. Be3 Nd7 17. f3 Ne5 18. Qe2 Qb4 19. Rfd1 Nc4 20. Rab1 b5 21. Bd4 Bxd4+ 22. Rxd4 Qc5 23. Qf2 Nxb2 24. Nxb5 cxb5 25. Rxb2 a6 26. Rc2 Qe7 27. Rd5 Rac8 28. Rdc5 Rxc5 29. Qxc5 Qh4 30. Qf2 Qf4 31. Qd2 Qh4 32. Kh2 Rd8 1/2-1/2

[Event "vl_2526 MVP"]
[Site "MVP"]
[Date "2025.11.23"]
[Round "2.1"]
[White "Lehmann, Ruben"]
[Black "Lanz, Joerg"]
[Result "1/2-1/2"]
[WhiteElo "1987"]
[BlackElo "2055"]
[WhiteFideId "-1"]
[WhiteFideId "-1"]
[PlyCount "24"]
[GameId "2247401724738716"]
[EventDate "2025.??.??"]
[EventType "team-tourn"]
[EventRounds "9"]
[EventCountry "GER"]
[WhiteTeam "HSG Stralsund"]
[BlackTeam "ASV Gruen-Weiss Wismar"]
[WhiteTeamCountry "GER"]
[BlackTeamCountry "GER"]

1. d4 Nf6 2. c4 g6 3. Nc3 Bg7 4. Nf3 d6 5. Bg5 h6 6. Bh4 Bg4 7. e3 Nbd7 8. Be2 c6 9. O-O O-O 10. Qc2 a6 11. h3 Bxf3 12. Bxf3 e5 1/2-1/2

[Event "vl_2526 MVP"]
[Site "MVP"]
[Date "2025.11.23"]
[Round "2.2"]
[White "Feldmann, Guido"]
[Black "Hubert, Peter"]
[Result "1-0"]
[WhiteElo "2012"]
[BlackElo "2114"]
[WhiteFideId "-1"]
[WhiteFideId "-1"]
[PlyCount "57"]
[GameId "2247401724779677"]
[EventDate "2025.??.??"]
[EventType "team-tourn"]
[EventRounds "9"]
[EventCountry "GER"]
[WhiteTeam "ASV Gruen-Weiss Wismar"]
[BlackTeam "HSG Stralsund"]
[WhiteTeamCountry "GER"]
[BlackTeamCountry "GER"]

1. d4 d6 2. e4 g6 3. Nc3 Bg7 4. Be3 Nf6 5. h3 O-O 6. g3 Nbd7 7. Bg2 c6 8. Nge2 e5 9. O-O Qc7 10. Qd2 b5 11. f4 b4 12. Na4 exd4 13. Nxd4 Rb8 14. e5 dxe5 15. Nxc6 Rb5 16. c4 bxc3 17. Nxc3 Rb6 18. Ne7+ Kh8 19. Ned5 Nxd5 20. Nxd5 Qb8 21. Nxb6 Nxb6 22. Qb4 Be6 23. b3 Kg8 24. Rac1 h5 25. Rfd1 Rd8 26. Bxb6 axb6 27. Qe7 Rc8 28. Rxc8+ Bxc8 29. Rd8+ 1-0

[Event "vl_2526 MVP"]
[Site "MVP"]
[Date "2025.11.23"]
[Round "2.4"]
[White "Kliewe, Hans-Juergen"]
[Black "Nour, Alaa"]
[Result "1-0"]
[WhiteElo "2045"]
[BlackElo "1922"]
[WhiteFideId "-1"]
[WhiteFideId "-1"]
[PlyCount "169"]
[GameId "2247401724787871"]
[EventDate "2025.??.??"]
[EventType "team-tourn"]
[EventRounds "9"]
[EventCountry "GER"]
[WhiteTeam "ASV Gruen-Weiss Wismar"]
[BlackTeam "HSG Stralsund"]
[WhiteTeamCountry "GER"]
[BlackTeamCountry "GER"]

1. d4 {[%emt 0:00:00]} d5 2. Nf3 Nf6 3. Bf4 e6 4. e3 Be7 5. h3 Nbd7 6. Bd3 Ne4 7. Nbd2 Ndf6 8. c3 Bd6 9. Ne5 Nxd2 10. Qxd2 a6 11. O-O Ne4 12. Qe2 Qh4 13. Kh2 f5 14. g3 Qf6 15. h4 h6 16. Qh5+ g6 17. Qxg6+ Qxg6 18. Nxg6 Rg8 19. Bxe4 Bxf4 20. Nxf4 fxe4 21. f3 exf3 22. Rxf3 Bd7 23. Raf1 Ke7 24. R1f2 Kd6 25. Nd3 Rg7 26. Ne5 h5 27. Nf7+ Ke7 28. Ng5 Rag8 29. Rf6 Rh8 30. Kg2 a5 31. a3 b6 32. Kf1 b5 33. Ke1 b4 34. axb4 axb4 35. cxb4 Rb8 36. Kd2 Rxb4 37. Kc3 Rc4+ 38. Kb3 Rg8 39. Rf7+ Kd6 40. Rf8 Rxf8 41. Rxf8 Ba4+ 42. Ka3 Bd1 43. Ra8 Rc1 44. Ka2 Be2 45. Nf7+ Ke7 46. Ne5 c5 47. Ra7+ Ke8 48. dxc5 Rxc5 49. Kb3 Bd1+ 50. Kb4 Rc2 51. Nd3 Rc4+ 52. Ka5 Re4 53. Nf2 Re5 54. Nxd1 d4+ 55. Kb4 dxe3 56. Nxe3 Rxe3 57. Rg7 Kf8 58. Rg5 Ke7 59. Kc5 Rb3 60. Rxh5 Rxb2 61. g4 Rd2 62. g5 Kf7 63. Rh6 e5 64. Rf6+ Ke7 65. Rf1 Rh2 66. Kd5 Rxh4 67. Kxe5 Rg4 68. Kf5 Rg2 69. Ra1 Rb2 70. Kg6 Rg2 71. Rf1 Rg3 72. Kh6 Rh3+ 73. Kg7 Rg3 74. Re1+ Kd6 75. g6 Rg2 76. Kf7 Rf2+ 77. Kg8 Rh2 78. g7 Rh4 79. Re3 Rh1 80. Re4 Kd5 81. Rg4 Ke5 82. Kf8 Rf1+ 83. Ke7 Ra1 84. g8=Q Ra7+ 85. Kd8 1-0

[Event "vl_2526 MVP"]
[Site "MVP"]
[Date "2025.11.23"]
[Round "2.5"]
[White "Kohn, Andreas"]
[Black "Junggebauer, Thomas"]
[Result "1/2-1/2"]
[WhiteElo "1975"]
[BlackElo "2003"]
[WhiteFideId "-1"]
[WhiteFideId "-1"]
[PlyCount "45"]
[GameId "2247401724791968"]
[EventDate "2025.??.??"]
[EventType "team-tourn"]
[EventRounds "9"]
[EventCountry "GER"]
[WhiteTeam "HSG Stralsund"]
[BlackTeam "ASV Gruen-Weiss Wismar"]
[WhiteTeamCountry "GER"]
[BlackTeamCountry "GER"]

1. e4 c5 2. d4 cxd4 3. c3 Nc6 4. cxd4 d5 5. e5 Bf5 6. Nf3 e6 7. Bd3 Bb4+ 8. Nc3 Nge7 9. O-O a6 10. a3 Bxc3 11. bxc3 O-O 12. a4 Na5 13. Ba3 Bxd3 14. Qxd3 Nc4 15. Ng5 g6 16. Qh3 h5 17. Bc1 Kg7 18. g4 Rh8 19. Qf3 Qe8 20. Rb1 b6 21. Qf6+ Kg8 22. h3 Nc6 23. Nf3 1/2-1/2

[Event "vl_2526 MVP"]
[Site "MVP"]
[Date "2025.11.23"]
[Round "2.6"]
[White "Borchert, Ulf"]
[Black "Paulowitz, Bernd-Rainer"]
[Result "0-1"]
[WhiteElo "1994"]
[BlackElo "1942"]
[WhiteFideId "-1"]
[WhiteFideId "-1"]
[PlyCount "72"]
[GameId "2247401724796065"]
[EventDate "2025.??.??"]
[EventType "team-tourn"]
[EventRounds "9"]
[EventCountry "GER"]
[WhiteTeam "ASV Gruen-Weiss Wismar"]
[BlackTeam "HSG Stralsund"]
[WhiteTeamCountry "GER"]
[BlackTeamCountry "GER"]

{[%evp 0,45,10,11,-35,10,14,-14,34,34,10,2,-37,-7,-9,-3,7,13,0,4,15,8,1,0,5,-27,20,15,5,11,36,51,53,55,79,92,72,108,75,69,68,38,72,61,97,72,54,59]} 1. d4 Nf6 2. Nf3 e6 3. Bg5 Be7 4. e3 d5 5. Bd3 Nbd7 6. Nbd2 c5 7. c3 h6 8. Bh4 b6 9. Rc1 Bb7 10. O-O O-O 11. Bb1 Nh5 12. Bxe7 Qxe7 13. Ne5 Nxe5 14. Qxh5 Nd7 15. f4 f5 16. Rf3 Nf6 17. Qh4 Qf7 18. Bd3 Ne4 19. Bxe4 fxe4 20. Rg3 Qf6 21. Qh5 Kh7 22. Rh3 cxd4 23. cxd4 Rac8 24. Rxc8 Rxc8 25. Qd1 Qe7 26. g4 Qb4 27. Nb3 Qc4 28. Rg3 g5 29. fxg5 hxg5 30. Rg2 Ba6 31. Rf2 Kg7 32. h4 gxh4 33. g5 Rf8 34. Qe1 Rf3 35. Kh2 Qc7+ 36. Kg1 Qg3+ 0-1

[Event "vl_2526 MVP"]
[Site "MVP"]
[Date "2025.11.23"]
[Round "2.8"]
[White "Neubert, Conrad"]
[Black "Jaehnert, Jamie Mares"]
[Result "1/2-1/2"]
[WhiteElo "1849"]
[BlackElo "1445"]
[WhiteFideId "-1"]
[WhiteFideId "-1"]
[PlyCount "79"]
[GameId "2247401724808355"]
[EventDate "2025.??.??"]
[EventType "team-tourn"]
[EventRounds "9"]
[EventCountry "GER"]
[WhiteTeam "ASV Gruen-Weiss Wismar"]
[BlackTeam "HSG Stralsund"]
[WhiteTeamCountry "GER"]
[BlackTeamCountry "GER"]

1. e4 c6 2. d4 d5 3. Nd2 dxe4 4. Nxe4 Bf5 5. Ng3 Bg6 6. Nf3 Nd7 7. Nh4 Ngf6 8. c3 e6 9. Bf4 Nd5 10. Nxg6 hxg6 11. Bd2 Bd6 12. Ne4 Bc7 13. g3 N5f6 14. Ng5 Qe7 15. Qb3 Nb6 16. c4 Bd8 17. O-O-O a5 18. a3 a4 19. Qe3 Qd7 20. Bb4 Be7 21. d5 Ng4 22. Qxb6 Bxg5+ 23. Kc2 Bd8 24. Qd4 e5 25. Qc3 Be7 26. Bg2 Nxf2 27. Qxe5 Qf5+ 28. Qxf5 gxf5 29. Rde1 Nxh1 30. Bxh1 Rxh2+ 31. Kb1 Rxh1 32. Rxh1 Bxb4 33. axb4 Kd7 34. Rh7 Rg8 35. dxc6+ bxc6 36. Ka2 Ke6 37. Ka3 g5 38. Kxa4 Ra8+ 39. Kb3 Rd8 40. Kc3 1/2-1/2

[Event "vl_2526 MVP"]
[Site "MVP"]
[Date "2025.11.23"]
[Round "2.1"]
[White "Priladyshev, Alexander"]
[Black "Stubbe, Wilko"]
[Result "1/2-1/2"]
[WhiteElo "2068"]
[BlackElo "2128"]
[WhiteFideId "-1"]
[WhiteFideId "-1"]
[PlyCount "151"]
[GameId "2247401724812452"]
[EventDate "2025.??.??"]
[EventType "team-tourn"]
[EventRounds "9"]
[EventCountry "GER"]
[WhiteTeam "SG Eintracht Neubrandenburg"]
[BlackTeam "Greifswalder SV"]
[WhiteTeamCountry "GER"]
[BlackTeamCountry "GER"]

1. e4 e6 2. d4 d5 3. Nd2 c5 4. c3 Nc6 5. Ngf3 Qb6 6. exd5 exd5 7. Nb3 c4 8. Nbd2 Bg4 9. Be2 Nf6 10. O-O Be7 11. Re1 O-O 12. Ne5 Bxe2 13. Rxe2 Bd6 14. Ndf3 Qc7 15. Bf4 b5 16. Bg3 a5 17. Nxc6 Qxc6 18. Bxd6 Qxd6 19. a3 b4 20. axb4 axb4 21. Ne5 bxc3 22. bxc3 Ra3 23. Rxa3 Qxa3 24. Qe1 Qa4 25. f3 h6 26. Ng4 Nxg4 27. fxg4 Rb8 28. h3 Qc6 29. Qg3 Re8 30. Re5 f6 31. Re3 Rxe3 32. Qxe3 Kf7 33. Qf4 Ke7 34. Qb8 Kf7 35. Kh2 Qe6 36. Qc7+ Qe7 37. Qf4 Ke6 38. Qf5+ Kd6 39. h4 Qe1 40. Qc8 Qxh4+ 41. Kg1 Qe1+ 42. Kh2 Qe6 43. Qc5+ Kd7 44. Qa7+ Kc6 45. Qa6+ Kd7 46. Qb7+ Kd6 47. Qxg7 Kc6 48. Qxh6 Qd6+ 49. g3 Qe7 50. g5 Qe2+ 51. Kh3 Qe6+ 52. Kh4 Qe4+ 53. Kh5 Qf3+ 54. Kg6 Qxg3 55. Kxf6 Qxc3 56. Kf7+ Kb5 57. Qf6 Qh3 58. g6 c3 59. g7 c2 60. g8=Q Qd7+ 61. Qe7 Qf5+ 62. Ke8 c1=Q 63. Qb7+ Ka4 64. Qa6+ Kb4 65. Qb7+ Ka4 66. Qgxd5 Qe3+ 67. Kd8 Qf6+ 68. Kc7 Qef4+ 69. Kc8 Qh8+ 70. Kd7 Qh3+ 71. Kc6 Qc3+ 72. Kd7 Qh3+ 73. Kc6 Qc3+ 74. Kb6 Qfxd4+ 75. Qxd4+ Qxd4+ 76. Kc7 1/2-1/2

[Event "vl_2526 MVP"]
[Site "MVP"]
[Date "2025.11.23"]
[Round "2.2"]
[White "Kuersten, Ruediger"]
[Black "Stoevesand, Eric"]
[Result "1-0"]
[WhiteElo "2183"]
[BlackElo "1946"]
[WhiteFideId "-1"]
[WhiteFideId "-1"]
[PlyCount "117"]
[GameId "2247401724812453"]
[EventDate "2025.??.??"]
[EventType "team-tourn"]
[EventRounds "9"]
[EventCountry "GER"]
[WhiteTeam "Greifswalder SV"]
[BlackTeam "SG Eintracht Neubrandenburg"]
[WhiteTeamCountry "GER"]
[BlackTeamCountry "GER"]

1. d4 d5 2. c4 c6 3. cxd5 cxd5 4. Bf4 Nc6 5. Nc3 Nf6 6. e3 Bf5 7. Bb5 e6 8. Nf3 Nd7 9. O-O Rc8 10. Qb3 Be7 11. Rac1 g5 12. Be5 O-O 13. h3 h5 14. Bh2 g4 15. hxg4 hxg4 16. Nd2 Kg7 17. Be2 Rh8 18. Bg3 Bh4 19. Qxb7 Qg5 20. Bf4 Qh5 21. Bxg4 Bxg4 22. Qxd7 Bg5 23. f3 Bxf4 24. exf4 Qh2+ 25. Kf2 Qxf4 26. Ne2 Qxd2 27. Rxc6 Rcd8 28. Qc7 Bf5 29. Qe5+ Kg6 30. Qg3+ Kf6 31. Qe5+ Kg6 32. Kg1 Qxb2 33. Nf4+ Kg5 34. Qg7+ Kxf4 35. g3+ Ke3 36. Qe5+ Be4 37. Qf4+ Kd3 38. Rd1+ Ke2 39. fxe4 Kxd1 40. Qf1+ Kd2 41. Qf2+ Kd3 42. Qxb2 Kxe4 43. Qf2 Rc8 44. Rxc8 Rxc8 45. Qxf7 Rc1+ 46. Kg2 Rc2+ 47. Kh3 Rxa2 48. Qxe6+ Kxd4 49. g4 Ra3+ 50. Kg2 Re3 51. Qa6 Ke5 52. g5 d4 53. Qf6+ Ke4 54. Kf2 Rc3 55. g6 Rc2+ 56. Ke1 Ke3 57. Qg5+ Kd3 58. Qg3+ Kc4 59. g7 1-0

[Event "vl_2526 MVP"]
[Site "MVP"]
[Date "2025.11.23"]
[Round "2.3"]
[White "Stoevesand, Peter"]
[Black "Kalhorn, Stefan"]
[Result "1-0"]
[WhiteElo "1852"]
[BlackElo "2114"]
[WhiteFideId "-1"]
[WhiteFideId "-1"]
[PlyCount "87"]
[GameId "2247401724816550"]
[EventDate "2025.??.??"]
[EventType "team-tourn"]
[EventRounds "9"]
[EventCountry "GER"]
[WhiteTeam "SG Eintracht Neubrandenburg"]
[BlackTeam "Greifswalder SV"]
[WhiteTeamCountry "GER"]
[BlackTeamCountry "GER"]

1. e4 c6 2. d4 d5 3. Nc3 dxe4 4. Nxe4 Nf6 5. Nxf6+ exf6 6. c3 Bd6 7. Bd3 O-O 8. Ne2 Re8 9. Qc2 h5 10. Be3 Nd7 11. h3 Nf8 12. O-O Bc7 13. Rfe1 h4 14. Kf1 Be6 15. a4 Qd7 16. Ng1 f5 17. Bg5 Ng6 18. Nf3 f6 19. Rxe6 Qxe6 20. Bxf5 Qc4+ 21. Bd3 Qd5 22. c4 Qd7 23. Bxg6 fxg5 24. Nxg5 Qe7 25. Bf7+ Kf8 26. Bxe8 Qxg5 27. Bg6 Rd8 28. Qe4 Qf4 29. Re1 Qxe4 30. Rxe4 Bd6 31. Rxh4 Ke7 32. Ke2 Kf6 33. Be4 Bc7 34. Ke3 Re8 35. Kd3 Rd8 36. Rh5 Bb6 37. Rf5+ Ke7 38. c5 Bc7 39. Kc4 Ke6 40. g4 Rh8 41. d5+ cxd5+ 42. Bxd5+ Kd7 43. Rf7+ Kc8 44. Be6+ 1-0